00370nam a2200109Ia 4500008004100000020002000041040002900061050002300090100003100113245008900144260002700233221021s9999||||xx |||||||||||||| ||und|| a139780702027772 cChuka University Library aSF 745 b.V48 2007 aO.M Radostitis [et.al](ed) 0aVeterinary medicine:a textbook of the diseases of cattle,horses,sheep,pigs and goats aLondonbSaundesec2007